Analysing seasonal health data (series for biology and health), by Adrian G. Barnett and Annette J. Dobson

Recenzia publikácie Adrian G. Barnett a Annette J. Dobson: Analysing seasonal health data (series for biology and health). Charakteristika publikácie. Rozdelenie publikácie do šiestich kapitol. Sezónnosť chorôb. Dáta, modely.

Na minha lista:
Detalhes bibliográficos
Autor principal: Horníková, Adriana
Formato: Capítulo de Livro
Idioma:inglês
Assuntos:
Tags: Adicionar Tag
Sem tags, seja o primeiro a adicionar uma tag!

MARC

LEADER 00000naa a2200000 4500
001 0144058
005 20240502083332.6
041 0 |a eng 
044 |a US 
245 1 0 |a Analysing seasonal health data (series for biology and health), by Adrian G. Barnett and Annette J. Dobson  |c Adriana Horníková 
520 |a Recenzia publikácie Adrian G. Barnett a Annette J. Dobson: Analysing seasonal health data (series for biology and health). Charakteristika publikácie. Rozdelenie publikácie do šiestich kapitol. Sezónnosť chorôb. Dáta, modely. 
610 2 0 |a recenzie 
610 2 0 |a zdravie 
610 2 0 |a biológia 
610 2 0 |a dáta 
610 2 0 |a modely 
100 1 |a Horníková, Adriana